000 00474nam a2200181Ia 4500
005 20250923144504.0
008 008 250917s9999 xx 000 0 eng d
037 _aTextual
040 _aDSWL
_beng
_cDSWL
041 _aeng
_2eng
084 _qDSWL
245 0 _a part-II-B tables Hyderabad
_cby Census of India 1957
260 _aHyderabad
_bGovt.Press Hyderabad
_c1953
300 _a361p.
490 _vVol-XIV
942 _cTEXL
999 _c1439523
_d1439523